00782nam a2200217 a 4500999001500000001000600015003000900021005001700030008004100047040003800088082002400126245007100150260007200221300002200293505001100315546002500326650002100351710005400372942001200426952012600438 c1406d140610989BD-DhUAP20210120152546.0200206s2007 bg l f001 0 eng d aBD-DhUAPcBD-DhUAPdBD-DhUAPbEng00a348.5492022 BAN22314aThe Bangladesh code :bact No. II of 1914 to act No. XXVI of 1925. aDhaka :bMinistry of Law, Justice and Parliamentary Affairs,c2007. avolumes ;c24 cm. aV. 7-- aEnglish and Bengali. 0aLawzBangladesh. aGovernment of the peoples republic of Bangladesh. 2ddccBK 00102ddc4070aUAPCLbUAPCLcGeneral Stacksd2020-02-06o348.5492022 BAN V-7p3010010989r2020-02-06t1w2020-02-06yBK